000 00462nam a22001817a 4500
003 OSt
005 20240625160015.0
008 240625b |||||||| |||| 00| 0 eng d
020 _a9781641606547
082 _a599.756
_bKARA
100 _aKaranth, K. Ullas
245 _aAmong tigers : fighting to bring back Asia's Big Cats
260 _aChicago
_bChicago Review Press
_c2023
300 _a240p
546 _aEnglish
650 _aZoology
942 _2ddc
_cBK
999 _c3589
_d3589